Proporcionalidad geométrica y semejanza /
Guardado en:
| Formato: | Libro |
|---|---|
| Idioma: | Spanish |
| Publicado: |
Madrid :
Síntesis,
[1997?]
|
| Series: | Matemáticas: cultura y aprendizaje ;
14 |
| Etiquetas: |
Agregar Etiqueta
Sin Etiquetas, Sea el primero en etiquetar este registro!
|
| LEADER | 00937nam a22001815a 4500 | ||
|---|---|---|---|
| 001 | MAT.inmabb006551 | ||
| 008 | 120703s1997####sp#a#####b####000#0#spa#d | ||
| 005 | 20170523134352.0 | ||
| 245 | 1 | 0 | |a Proporcionalidad geométrica y semejanza / |c Grupo Beta: coordinador, Ricardo Luengo González ; Lorenzo Blanco Nieto ... [et al.]. |
| 260 | |a Madrid : |b Síntesis, |c [1997?] | ||
| 300 | |a 232 p. : |b il. ; |c 22 cm. | ||
| 490 | 1 | |a Matemáticas: cultura y aprendizaje ; |v 14 | |
| 504 | |a Incluye referencias bibliográficas (p. 229-232). | ||
| 505 | 0 | |a 1. Introducción -- 2. La semejanza en el currículum escolar -- 3. Bases teóricas: proporcionalidad y semejanza -- 4. Una alternativa metodológica -- 5. Posibilidades de la semejanza en relación con diversas áreas curriculares -- 6. Propuesta de actividades. | |
| 020 | |a 8477380880 | ||
| 830 | 0 | |a Matemáticas: cultura y aprendizaje ; |v 14 | |
| 084 | |a 97 |2 msc2000 | ||
| 859 | |h 97 |i P965 |p A-8748 |b BIB. MATEMATICA | ||
